书目信息 |
| 题名: |
合作社理论
|
|
| 作者: | 孙贺 著 | |
| 分册: | ||
| 出版信息: | 长春 吉林出版集团有限责任公司 2019 |
|
| 页数: | 186页 | |
| 开本: | 23cm | |
| 丛书名: | 马克思主义简明读本系列丛书 | |
| 单 册: | ||
| 中图分类: | A811.66 | |
| 科图分类: | ||
| 主题词: | 马克思主义--ma ke si zhu yi--合作社--理论研究 | |
| 电子资源: | ||
| ISBN: | 978-7-5534-2608-2 | |
| 000 | 01048nam 2200289 45 | |
| 001 | 012001012002 | |
| 005 | 20140103150310.0 | |
| 010 | @a978-7-5534-2608-2@dCNY29.70 | |
| 099 | @aCAL 012015116583 | |
| 100 | @a20150911d2014 em y0chiy50 ea | |
| 101 | 0 | @achi |
| 102 | @aCN@b220000 | |
| 105 | @ay a 000yy | |
| 106 | @ar | |
| 200 | 1 | @a合作社理论@Ahe zuo she li lun@f本书著者孙贺 |
| 210 | @a长春@c吉林出版集团有限责任公司@d2019 | |
| 215 | @a186页@d23cm | |
| 225 | 2 | @a马克思主义简明读本系列丛书@Ama ke si zhu yi jian ming du ben xi lie cong shu@i马克思主义基本原理部分 |
| 320 | @a有书目 (第184-186页) | |
| 330 | @a本书共分为六章, 主要内容包括: 什么是合作社? 早期合作社思想、马克思合作社理论、恩格斯合作社理论、列宁合作社理论、合作社在中国。 | |
| 410 | 0 | @12001 @a马克思主义简明读本系列丛书@i马克思主义基本原理部分 |
| 606 | 0 | @a马克思主义@Ama ke si zhu yi@x合作社@x理论研究 |
| 690 | @aA811.66@v5 | |
| 701 | 0 | @a孙贺@Asun he@4著 |
| 801 | 0 | @aCN@b上海新华@c20191020 |
| 905 | @b1139229-32@dA811.66@e362@f4 | |
| 920 | @a100165@z1 | |
| 合作社理论/本书著者孙贺.-长春:吉林出版集团有限责任公司,2019 |
| 186页;23cm.-(马克思主义简明读本系列丛书.马克思主义基本原理部分) |
| ISBN 978-7-5534-2608-2:CNY29.70 |
| 本书共分为六章, 主要内容包括: 什么是合作社? 早期合作社思想、马克思合作社理论、恩格斯合作社理论、列宁合作社理论、合作社在中国。 |
| ● |
| 相关链接 |
|
|
|
|
正题名:合作社理论
索取号:A811.66/362
 
预约/预借
| 序号 | 登录号 | 条形码 | 馆藏地/架位号 | 状态 | 备注 |
| 1 | 1139229 | 211392296 | 第一样本阅览室/ [索取号:A811.66/362] | 在馆 | |
| 2 | 1139230 | 211392303 | 第一借阅区/ [索取号:A811.66/362] | 在馆 | |
| 3 | 1139231 | 211392312 | 第一借阅区/ [索取号:A811.66/362] | 在馆 | |
| 4 | 1139232 | 211392321 | 第一借阅区/ [索取号:A811.66/362] | 在馆 |